The works of James Arminius / (Record no. 3757)
[ view plain ]
| 000 -LEADER | |
|---|---|
| fixed length control field | 01133cam a2200325Ia 4500 |
| 001 - CONTROL NUMBER | |
| control field | 15010656 |
| 003 - CONTROL NUMBER IDENTIFIER | |
| control field | OSt |
| 005 - DATE AND TIME OF LATEST TRANSACTION | |
| control field | 20190329112320.0 |
| 008 - FIXED-LENGTH DATA ELEMENTS--GENERAL INFORMATION | |
| fixed length control field | 880121s1986 miuc b 000 0beng d |
| 020 ## - INTERNATIONAL STANDARD BOOK NUMBER | |
| International Standard Book Number | 0801002060 |
| 035 ## - SYSTEM CONTROL NUMBER | |
| System control number | 0536-68560 |
| 040 ## - CATALOGING SOURCE | |
| Original cataloging agency | MOG |
| Transcribing agency | MOG |
| Modifying agency | m/c |
| -- | OCL |
| -- | OUN |
| 082 ## - DEWEY DECIMAL CLASSIFICATION NUMBER | |
| Classification number | REF 230.49 |
| Item number | A729W |
| 090 ## - LOCALLY ASSIGNED LC-TYPE CALL NUMBER (OCLC); LOCAL CALL NUMBER (RLIN) | |
| Classification number (OCLC) (R) ; Classification number, CALL (RLIN) (NR) | BX6195 |
| Local cutter number (OCLC) ; Book number/undivided call number, CALL (RLIN) | .A66 1986x |
| 100 1# - MAIN ENTRY--PERSONAL NAME | |
| Personal name | Arminius, Jacobus, |
| Dates associated with a name | 1560-1609 |
| 245 14 - TITLE STATEMENT | |
| Title | The works of James Arminius / |
| Statement of responsibility, etc. | translated by James Nichols and William Nichols ; introduction by Carl Bangs |
| 250 ## - EDITION STATEMENT | |
| Edition statement | London ed |
| 260 ## - PUBLICATION, DISTRIBUTION, ETC. | |
| Place of publication, distribution, etc. | Grand Rapids, Mich. : |
| Name of publisher, distributor, etc. | Baker Book House, |
| Date of publication, distribution, etc. | c1986 |
| 300 ## - PHYSICAL DESCRIPTION | |
| Extent | 3 v. : |
| Other physical details | port. ; |
| Dimensions | 23 cm |
| 500 ## - GENERAL NOTE | |
| General note | "Reprinted 1986 by Baker Book House from the London ed." |
| 500 ## - GENERAL NOTE | |
| General note | Vols. 1-2 translated by James Nichols ; vol. 3 translated by William Nichols |
| 504 ## - BIBLIOGRAPHY, ETC. NOTE | |
| Bibliography, etc. note | Includes bibliographical references |
| 600 10 - SUBJECT ADDED ENTRY--PERSONAL NAME | |
| Personal name | Arminius, Jacobus, |
| Dates associated with a name | 1560-1609 |
| 650 #0 - SUBJECT ADDED ENTRY--TOPICAL TERM | |
| Topical term or geographic name entry element | Theology |
| General subdivision | History |
| Chronological subdivision | 16th century |
| 650 #0 - SUBJECT ADDED ENTRY--TOPICAL TERM | |
| Topical term or geographic name entry element | Theology, Doctrinal |
| Chronological subdivision | 16th century |
| 700 1# - ADDED ENTRY--PERSONAL NAME | |
| Personal name | Nichols, James, |
| Dates associated with a name | 1785-1861 |
| 700 1# - ADDED ENTRY--PERSONAL NAME | |
| Personal name | Nichols, William |
| 700 1# - ADDED ENTRY--PERSONAL NAME | |
| Personal name | Bangs, Carl, |
| Dates associated with a name | 1922- |
| 942 ## - ADDED ENTRY ELEMENTS (KOHA) | |
| Source of classification or shelving scheme | Dewey Decimal Classification |
| Koha item type | Reference |
| Withdrawn status | Lost status | Source of classification or shelving scheme | Damaged status | Not for loan | Collection code | Home library | Current library | Shelving location | Date acquired | Cost, normal purchase price | Total Checkouts | Full call number | Barcode | Date last seen | Price effective from | Koha item type |
|---|---|---|---|---|---|---|---|---|---|---|---|---|---|---|---|---|
| Dewey Decimal Classification | Not For Loan | Reference | Harvest Mission College | Harvest Mission College | Reference | 22.11.2018 | 1500.00 | REF 230.49 A729W | 004421 | 22.11.2018 | 22.11.2018 | Reference |
